|
|
|
|
| LEADER |
00000nam0a2200000 4500 |
| 001 |
141745 |
| 005 |
20231031142530.0 |
| 010 |
|
|
|a 3540430644
|
| 035 |
|
|
|a (RuTPU)RU\TPU\book\153642
|
| 090 |
|
|
|a 141745
|
| 100 |
|
|
|a 20080826d2002 k y0engy50 ba
|
| 101 |
0 |
|
|a eng
|
| 102 |
|
|
|a DE
|
| 105 |
|
|
|a a z 001zy
|
| 200 |
1 |
|
|a Advanced Theory of Signal Detection. Weak Signal Detection in Generalized Observations
|f I. Song, J. Bae, S. Y. Kim
|
| 210 |
|
|
|a Berlin
|c Springer-Verlag
|d 2002
|
| 215 |
|
|
|a 395 p.
|c il.
|
| 225 |
1 |
|
|a Signal and Communication Technology
|
| 320 |
|
|
|a Bibliography: p. 383-391.
|
| 320 |
|
|
|a Index: p. 393-395.
|
| 610 |
1 |
|
|a сигналы
|
| 610 |
1 |
|
|a обнаружение
|
| 610 |
1 |
|
|a теория
|
| 610 |
1 |
|
|a обобщенные исследования
|
| 610 |
1 |
|
|a слабые сигналы
|
| 610 |
1 |
|
|a детектирование
|
| 610 |
1 |
|
|a шумы
|
| 610 |
1 |
|
|a английский язык
|
| 675 |
|
|
|a 621.391
|v 3
|
| 700 |
|
1 |
|a Song
|b I.
|g Lickho
|
| 701 |
|
1 |
|a Bae
|b J.
|g Jinsoo
|
| 701 |
|
1 |
|a Kim
|b S. Y.
|g Sun Yong
|
| 801 |
|
1 |
|a RU
|b 63413507
|c 20080826
|g PSBO
|
| 801 |
|
2 |
|a RU
|b 63413507
|c 20080924
|g PSBO
|
| 942 |
|
|
|c BK
|